000 00732nam a2200241Ia 4500
003 OSt
005 20220923223526.0
006 a|||||r|||| 00| 0
007 ta
008 Pun
024 _a218,634
037 _cTextual
040 _aARTS
_cARTS
_bPun
041 _2Pun
_aPun
082 _aO153,3NOB1x, P2
100 _aਓਬਰਾਏ, ਸੁਰਿੰਦਰ ਸਿੰਘ
_9156370
245 0 _aਓੁਹ ਤੇ ਮੈ੍ਵ
260 _aਦਿੱਲੀ
_b ਮਨਪ੍ਰੀਤ ਪ੍ਰਕਾFਨ
_c2002
300 _a143ਪੰ
_ccm.
650 _aਪੰਜਾਬੀ ਸਾਹਿਤ
942 _hO153,3NOB1x, P2
_cTEXL
_2CC
999 _c365987
_d365987